00316nam a22001097a 4500008004100000020001800041082001100059100002300070245005200093260005200145300000900197260530b |||||||| |||| 00| 0 eng d a9789381275252 a001917 aH. V. Nagaraja Rao aDarshana Sahitya Kshetra Karnatakasya Yogadanam aBangalorebPoorna Prajna Samshodhan Trustc2013 a264p